Foursomes From Every Category Quiz Stats

 Plays Quiz Updated Jul 5, 2018

Challenge
Share
Tweet
Score 0/60 Timer 08:00
3 Plays Today
Question Answer Wrong Answers
Gaming
The four playing cards suits
Hearts
Hearts
93.5%
Spades
0.1%
Clubs
0.1%
Diamonds
0.1%
Miscellaneous
Seasons of the Year
Winter
Winter
93.4%
Summer
0.2%
Spring
0.1%
Fall
0.1%
Gaming
The four playing cards suits
Diamonds
Diamonds
93.3%
Spades
0.2%
Hearts
0.2%
Clubs
0.1%
Entertainment
The Fantastic Four
Invisible Woman
Invisible Woman
93.1%
Mr. Fantastic
0.3%
Human Torch
0.3%
The Thing
0.2%
Miscellaneous
Seasons of the Year
Fall
Fall
93%
Winter
0.2%
Summer
0.2%
Spring
0.3%
Miscellaneous
Seasons of the Year
Spring
Spring
92.9%
Winter
0.1%
Summer
0.4%
Fall
0.4%
Holidays
Fixed Date Annual Federal Holidays
Christmas
Christmas
92.6%
New Year's Day
0.4%
Independence Day
0.4%
Veterans Day
0.4%
Science
Terrestrial Planets of Our Solar System
Earth
Earth
92.6%
Mars
0.5%
Venus
0.4%
Mercury
0.5%
Just for Fun
Sporcle's Daily Dose Quiz Types
Word Ladder
Word Ladder
92.5%
Quick Pick
0.3%
On This Day
0.5%
Missing Word
0.5%
Gaming
The four playing cards suits
Spades
Spades
92%
Hearts
0.1%
Clubs
1.4%
Diamonds
0.3%
Holidays
Fixed Date Annual Federal Holidays
New Year's Day
New Year's Day
91.9%
Christmas
0.6%
Independence Day
0.8%
Veterans Day
0.4%
Miscellaneous
Seasons of the Year
Summer
Summer
91.3%
Winter
0.3%
Spring
1.7%
Fall
0.5%
Holidays
Fixed Date Annual Federal Holidays
Veterans Day
Veterans Day
91.3%
Christmas
0.4%
New Year's Day
0.4%
Independence Day
1.7%
Music
The Beatles
John Lennon
John Lennon
91.3%
Paul McCartney
1.1%
George Harrison
0.8%
Ringo Starr
0.5%
Entertainment
The Fantastic Four
Human Torch
Human Torch
90.3%
Mr. Fantastic
1.8%
Invisible Woman
0.9%
The Thing
0.6%
History
Faces on Mt. Rushmore
Abraham Lincoln
Abraham Lincoln
90.3%
George Washington
1.9%
Thomas Jefferson
1%
Theodore Roosevelt
0.6%
Sports
Big 4 Leagues
NFL
NFL
89.8%
NBA
1.5%
NHL
1.5%
MLB
1%
History
Faces on Mt. Rushmore
George Washington
George Washington
89.8%
Thomas Jefferson
2.2%
Theodore Roosevelt
0.5%
Abraham Lincoln
1.3%
Sports
Big 4 Leagues
NBA
NBA
89.7%
NFL
1.2%
NHL
0.7%
MLB
2.3%
Gaming
The four playing cards suits
Clubs
Clubs
89.7%
Spades
3.5%
Hearts
0.2%
Diamonds
0.4%
Sports
Big 4 Leagues
NHL
NHL
88.6%
NBA
1.3%
NFL
2.6%
MLB
1.2%
Just for Fun
Sporcle's Daily Dose Quiz Types
Missing Word
Missing Word
88.6%
Word Ladder
2.1%
Quick Pick
1.1%
On This Day
1.7%
Music
The Beatles
Paul McCartney
Paul McCartney
88.5%
John Lennon
2.5%
George Harrison
1.6%
Ringo Starr
1.1%
Literature
Hogwarts Houses
Slytherin
Slytherin
88.4%
Gryffindor
1.5%
Hufflepuff
2.3%
Ravenclaw
1.3%
Entertainment
The Fantastic Four
The Thing
The Thing
87.5%
Mr. Fantastic
2.6%
Invisible Woman
0.4%
Human Torch
3.2%
Just for Fun
Sporcle's Daily Dose Quiz Types
On This Day
On This Day
86.9%
Word Ladder
1.6%
Quick Pick
4.5%
Missing Word
0.7%
Sports
Big 4 Leagues
MLB
MLB
86.8%
NBA
3.5%
NFL
1.6%
NHL
1.8%
Entertainment
The Fantastic Four
Mr. Fantastic
Mr. Fantastic
86.2%
Invisible Woman
0.3%
Human Torch
5.9%
The Thing
1.3%
Language
Definite Articles in Spanish
Singular Masculine
el
85.4%
la
3.3%
los
3.7%
las
1.2%
History
Faces on Mt. Rushmore
Theodore Roosevelt
Theodore Roosevelt
84.7%
George Washington
2.8%
Thomas Jefferson
4.8%
Abraham Lincoln
1.4%
Language
Definite Articles in Spanish
Singular Feminine
la
84.5%
el
4%
los
0.9%
las
4.3%
Just for Fun
Sporcle's Daily Dose Quiz Types
Quick Pick
Quick Pick
83.6%
Word Ladder
2.6%
On This Day
5.8%
Missing Word
1.6%
Movies
Hobbits of the Fellowship of the Ring
Frodo
Frodo
83.2%
Meriadoc
3.8%
Peregrin
3.4%
Samwise
3.2%
Language
Definite Articles in Spanish
Plural Masculine
los
82.3%
el
6.6%
la
2%
las
3%
Geography
Four Corner States
Utah
Utah
82%
Colorado
7.3%
Arizona
2.3%
New Mexico
1.9%
Music
The Beatles
George Harrison
George Harrison
81.6%
John Lennon
2%
Paul McCartney
2.5%
Ringo Starr
7.4%
History
Faces on Mt. Rushmore
Thomas Jefferson
Thomas Jefferson
81.1%
George Washington
7.4%
Theodore Roosevelt
3.6%
Abraham Lincoln
1.6%
Geography
Four Corner States
Colorado
Colorado
81%
Utah
8.4%
Arizona
2.4%
New Mexico
2%
Language
Definite Articles in Spanish
Plural Feminine
las
80.9%
el
2.4%
la
8.8%
los
1.7%
Literature
Hogwarts Houses
Ravenclaw
Ravenclaw
80.8%
Gryffindor
6.5%
Hufflepuff
5.2%
Slytherin
1%
Music
The Beatles
Ringo Starr
Ringo Starr
80.7%
John Lennon
2.1%
Paul McCartney
2.3%
George Harrison
8.4%
Geography
Four Corner States
Arizona
Arizona
79.8%
Colorado
3.8%
Utah
4.8%
New Mexico
5.3%
Literature
Hogwarts Houses
Hufflepuff
Hufflepuff
78.7%
Gryffindor
5.5%
Ravenclaw
6.8%
Slytherin
2.6%
Geography
Four Corner States
New Mexico
New Mexico
78.5%
Colorado
1.7%
Utah
1.8%
Arizona
11.8%
Literature
Hogwarts Houses
Gryffindor
Gryffindor
74.4%
Hufflepuff
3.4%
Ravenclaw
13.6%
Slytherin
2.1%
Holidays
Fixed Date Annual Federal Holidays
Independence Day
Independence Day
72.6%
Christmas
0.3%
New Year's Day
11.4%
Veterans Day
9.7%
Television
The South Park Boys
Kenny McCormick
Kenny McCormick
71.9%
Stan Marsh
8%
Kyle Broflovski
8%
Eric Cartman
5.6%
Television
The South Park Boys
Eric Cartman
Eric Cartman
69.9%
Stan Marsh
11.2%
Kyle Broflovski
8.9%
Kenny McCormick
3.6%
Movies
Hobbits of the Fellowship of the Ring
Samwise
Samwise
68.7%
Meriadoc
12.1%
Peregrin
7.2%
Frodo
5.2%
Religion
Four Evangelists
Matthew
Matthew
66.5%
Mark
12.2%
Luke
8.2%
John
6.5%
Television
The South Park Boys
Stan Marsh
Stan Marsh
63.4%
Kyle Broflovski
16.2%
Eric Cartman
9.1%
Kenny McCormick
4.6%
Television
The South Park Boys
Kyle Broflovski
Kyle Broflovski
63%
Stan Marsh
16.7%
Eric Cartman
7%
Kenny McCormick
6.8%
Movies
Hobbits of the Fellowship of the Ring
Peregrin
Peregrin
62.8%
Meriadoc
17.8%
Frodo
3.8%
Samwise
8.9%
Movies
Hobbits of the Fellowship of the Ring
Meriadoc
Meriadoc
57.9%
Peregrin
23.1%
Frodo
3.6%
Samwise
8.8%
Science
Terrestrial Planets of Our Solar System
Venus
Venus
53.1%
Earth
1.7%
Mars
26.5%
Mercury
12.6%
Science
Terrestrial Planets of Our Solar System
Mars
Mars
49.5%
Earth
1%
Venus
37.7%
Mercury
5.5%
Religion
Four Evangelists
Mark
Mark
44%
Matthew
29.6%
Luke
10.4%
John
9.4%
Science
Terrestrial Planets of Our Solar System
Mercury
Mercury
42.8%
Earth
1.3%
Mars
19%
Venus
30.6%
Religion
Four Evangelists
Luke
Luke
36.7%
Matthew
31.1%
Mark
15.8%
John
9.7%
Religion
Four Evangelists
John
John
31.9%
Matthew
36.9%
Mark
15.4%
Luke
9.2%

You're not logged in!

Compare scores with friends on all Sporcle quizzes.
OR
Log In

You Might Also Like...

Show Comments

Extras

Top Quizzes Today


Score Distribution

Your Account Isn't Verified!

In order to create a playlist on Sporcle, you need to verify the email address you used during registration. Go to your Sporcle Settings to finish the process.

Report this User

Report this user for behavior that violates our Community Guidelines.

Details: